000
00242nam a2200097Ia 4500
005
20251222114403.0
008
251222s1900||||xx |||||||||||||| ||spa||
082
_a
DVD0070/A87/1999/T.1
245
0
_a
Los sopranos (primera temporada):
942
_c
DVD
999
_c
1725
_d
1725